[Event "SVK-chT2D 2122"]
[Site "Slovakia"]
[Date "2022.03.26"]
[Round "8.3"]
[White "Juhar, Roman"]
[Black "Kardis, Benjamin"]
[Result "1/2-1/2"]
[WhiteElo "2133"]
[BlackElo "1992"]
[PlyCount "82"]
[EventDate "2021.10.16"]
[EventType "team-tourn"]
[EventRounds "11"]
[EventCountry "SVK"]
[SourceTitle "EXT 2023"]
[Source "ChessBase"]
[SourceDate "2022.10.05"]
[SourceVersion "1"]
[SourceVersionDate "2022.10.05"]
[SourceQuality "1"]
[WhiteTeam "Kosice 1 CC"]
[BlackTeam "Presov Tatran Dason"]
[WhiteTeamCountry "SVK"]
[BlackTeamCountry "SVK"]

1. g3 f5 2. Bg2 Nf6 3. c4 g6 4. b3 Bg7 5. Bb2 d6 6. f4 0-0 7. e3 Nbd7 8. Nc3 Qe8 9. Nf3 c6 10. 0-0 e5 11. fxe5 Nxe5 12. Qc2 h6 13. Rae1 Nxf3+ 14. Bxf3 Be6 15. e4 Qd7 16. d4 fxe4 17. Nxe4 Bf5 18. Nxf6+ Rxf6 19. Be4 Raf8 20. Bxf5 Rxf5 21. Rxf5 Rxf5 22. Qe4 Qf7 23. Qe8+ Qxe8 24. Rxe8+ Rf8 25. Re6 Rf6 26. Re2 Rf3 27. Re8+ Rf8 28. Re6 Rf6 29. Re4 Rf3 30. Ba3 Rd3 31. Bxd6 Bxd4+ 32. Kf1 Bf6 33. Bc5 a6 34. Ke2 Rd8 35. Bb6 Rd7 36. a4 Kf7 37. Be3 h5 38. Bc5 Bg5 39. h4 Bf6 40. Be3 Re7 41. Rf4 Rd7 1/2-1/2

[Event "SVK-ch Amateurs"]
[Site "Topolcany"]
[Date "2021.08.09"]
[Round "7"]
[White "Dzwierzynski, Bartosz"]
[Black "Juhar, Roman"]
[Result "0-1"]
[WhiteElo "2074"]
[BlackElo "2180"]
[PlyCount "100"]
[EventDate "2021.08.06"]
[EventType "swiss"]
[EventRounds "7"]
[EventCountry "SVK"]
[SourceTitle "EXT 2022"]
[Source "ChessBase"]
[SourceDate "2021.10.06"]
[SourceVersion "1"]
[SourceVersionDate "2021.10.06"]
[SourceQuality "1"]

1. d4 d6 2. Nf3 Nc6 3. c4 e5 4. dxe5 Nxe5 5. Nxe5 dxe5 6. Qxd8+ Kxd8 7. Nc3 c6 8. Bg5+ f6 9. 0-0-0+ Kc7 10. Bh4 Bb4 11. Nb1 a5 12. e3 Ne7 13. Bd3 Nf5 14. Bxf5 Bxf5 15. a3 Bc5 16. Rhe1 h5 17. f3 g5 18. Bf2 h4 19. Re2 e4 20. Nd2 Rhe8 21. Nb3 Bd6 22. Nd4 Bg6 23. Bg1 a4 24. fxe4 Bh5 25. Nf3 Rxe4 26. Rd4 Rae8 27. Rxe4 Rxe4 28. Nd2 Rxc4+ 29. Nxc4 Bxe2 30. Nxd6 Kxd6 31. Kd2 Bf1 32. g3 h3 33. e4 Ke5 34. Ke3 Bg2 35. Bf2 Bxe4 36. Be1 f5 37. Bc3+ Kd5 38. Bf6 g4 39. Bg7 Kc4 40. Kd2 c5 41. Be5 b5 42. Bd6 Kd4 43. Kc1 Ke3 44. Bf4+ Kf2 45. Kd2 b4 46. Bd6 bxa3 47. bxa3 c4 48. Be5 Bd5 49. Bd4+ Kg2 50. Ke1 f4 0-1

[Event "SVK-ch Amateurs"]
[Site "Topolcany"]
[Date "2021.08.09"]
[Round "6"]
[White "Juhar, Roman"]
[Black "Holly, Andrej"]
[Result "1-0"]
[WhiteElo "2180"]
[BlackElo "2027"]
[PlyCount "111"]
[EventDate "2021.08.06"]
[EventType "swiss"]
[EventRounds "7"]
[EventCountry "SVK"]
[SourceTitle "EXT 2022"]
[Source "ChessBase"]
[SourceDate "2021.10.06"]
[SourceVersion "1"]
[SourceVersionDate "2021.10.06"]
[SourceQuality "1"]

1. f4 d5 2. b3 Nf6 3. Bb2 g6 4. Nf3 Bg7 5. e3 0-0 6. Be2 c5 7. 0-0 Nc6 8. Ne5 Qd6 9. Bf3 Nd7 10. d4 e6 11. Ba3 Ncxe5 12. fxe5 Qc7 13. c4 Nxe5 14. Bxc5 Rd8 15. Nc3 Nd7 16. Nb5 Qc6 17. Be7 Re8 18. Ba3 Nf6 19. Rc1 Rd8 20. Qe2 a6 21. Nc3 Qe8 22. Na4 b5 23. Nb6 Rb8 24. Nxc8 Rbxc8 25. cxb5 axb5 26. Bc5 Ra8 27. Rc2 Nd7 28. Qxb5 Nxc5 29. Qxe8+ Rxe8 30. dxc5 Rec8 31. Rb1 Ra5 32. b4 Ra3 33. Rb3 Rxb3 34. axb3 Bf8 35. Be2 Kg7 36. Ba6 Rc7 37. Kf2 Kf6 38. Ke2 Ke5 39. Kd3 f5 40. Kc3 Bg7 41. Kb2 Ke4+ 42. Ka3 f4 43. exf4 d4 44. Re2+ Kf5 45. g3 Ra7 46. b5 d3 47. Rd2 Ke4 48. Kb4 Ke3 49. Rd1 Ke2 50. Rb1 Bf8 51. Kc4 d2 52. b6 Rxa6 53. b7 Bd6 54. cxd6 Rc6+ 55. Kb5 Rc1 56. Rb2 1-0

[Event "Drienica Saris op"]
[Site "Drienica"]
[Date "2020.08.13"]
[Round "7"]
[White "Juhar, Roman"]
[Black "Macko, Michal"]
[Result "1-0"]
[WhiteElo "2225"]
[BlackElo "2142"]
[PlyCount "99"]
[EventDate "2020.08.07"]
[EventType "swiss"]
[EventRounds "9"]
[EventCountry "SVK"]
[SourceTitle "CBM 197 Extra"]
[Source "ChessBase"]
[SourceDate "2020.09.30"]
[SourceVersion "1"]
[SourceVersionDate "2020.09.30"]
[SourceQuality "1"]

1. f4 g6 2. Nf3 d5 3. e3 Bg7 4. c4 c6 5. cxd5 cxd5 6. d4 Nf6 7. Bd3 0-0 8. 0-0 Qb6 9. Nc3 Bd7 10. Ne5 Bf5 11. g4 Bxd3 12. Qxd3 Rd8 13. Na4 Qa6 14. Qa3 Qd6 15. Bd2 Qxa3 16. bxa3 Nbd7 17. Rac1 Ne8 18. Bb4 Bf8 19. Rf2 Ndf6 20. Rfc2 Ne4 21. Nc5 Nxc5 22. Bxc5 e6 23. g5 Bd6 24. Ng4 Kg7 25. Kf2 Rd7 26. Ke2 Rc8 27. Bxa7 Rdc7 28. Rxc7 Rxc7 29. Rxc7 Bxc7 30. Bc5 f5 31. Nf2 h6 32. h4 hxg5 33. hxg5 Kf7 34. a4 Ng7 35. Nd3 Nh5 36. Bb4 Ng3+ 37. Kf3 Ne4 38. a5 Ke8 39. Bc5 Kd7 40. a4 Nc3 41. Bb4 Ne4 42. Ne1 Bd8 43. Ke2 Bc7 44. Kd3 Bd8 45. Nf3 Bc7 46. Nh4 Nf2+ 47. Ke2 Ng4 48. Nxg6 Ke8 49. Nf8 Kf7 50. Nd7 1-0

[Event "Drienica Saris op"]
[Site "Drienica"]
[Date "2020.08.10"]
[Round "4"]
[White "Panko, Radoslav"]
[Black "Juhar, Roman"]
[Result "1/2-1/2"]
[WhiteElo "2039"]
[BlackElo "2225"]
[PlyCount "82"]
[EventDate "2020.08.07"]
[EventType "swiss"]
[EventRounds "9"]
[EventCountry "SVK"]
[SourceTitle "CBM 197 Extra"]
[Source "ChessBase"]
[SourceDate "2020.09.30"]
[SourceVersion "1"]
[SourceVersionDate "2020.09.30"]
[SourceQuality "1"]

1. f4 b6 2. e4 Bb7 3. d3 g6 4. Nf3 Bg7 5. Be2 e6 6. c4 Ne7 7. Nc3 f5 8. e5 d6 9. d4 dxe5 10. dxe5 Qxd1+ 11. Bxd1 h6 12. Nb5 Na6 13. 0-0 Kf7 14. a3 Rhd8 15. Be3 Be4 16. Be2 Bd3 17. Kf2 Nc6 18. b4 g5 19. g3 Rd7 20. Rad1 Rad8 21. Nc3 g4 22. Ng1 Nab8 23. Bxd3 Rxd3 24. Rxd3 Rxd3 25. Nge2 Bf8 26. Rd1 Rxd1 27. Nxd1 Ke8 28. Ke1 Kd7 29. Kd2 h5 30. Nf2 Ne7 31. Nd3 Ng6 32. Kc3 Nc6 33. c5 Bh6 34. Bf2 Nce7 35. Kc4 Nc6 36. Kb5 Nb8 37. a4 Ne7 38. Nd4 Bf8 39. Nb3 Nd5 40. cxb6 cxb6 41. Kc4 a6 1/2-1/2

[Event "SVK-chT1E 1920"]
[Site "Slovakia"]
[Date "2020.01.25"]
[Round "7.2"]
[White "Turcan, Richard"]
[Black "Juhar, Roman"]
[Result "1-0"]
[WhiteElo "2219"]
[BlackElo "2158"]
[PlyCount "89"]
[EventDate "2019.10.12"]
[EventType "team-tourn"]
[EventRounds "11"]
[EventCountry "SVK"]
[SourceTitle "CBM 194 Extra"]
[Source "ChessBase"]
[SourceDate "2020.03.31"]
[SourceVersion "1"]
[SourceVersionDate "2020.03.31"]
[SourceQuality "1"]
[WhiteTeam "Banska Bystrica Junior"]
[BlackTeam "Kosice 1 CC"]
[WhiteTeamCountry "SVK"]
[BlackTeamCountry "SVK"]

1. e4 e5 2. Nf3 Nc6 3. Bb5 Nf6 4. Nc3 Bb4 5. 0-0 d6 6. d3 a6 7. Ba4 b5 8. Bb3 Bg4 9. h3 Bh5 10. Nd5 Bxf3 11. Qxf3 Nd4 12. Nxf6+ Qxf6 13. Qxf6 gxf6 14. Be3 Nxb3 15. axb3 Kd7 16. Ra2 Kc6 17. f4 Rhf8 18. fxe5 fxe5 19. Bh6 Rg8 20. Rxf7 Rg3 21. Kh2 Rag8 22. Rf2 Bc5 23. Re2 Kb7 24. Ra1 Bd4 25. Rf1 Bxb2 26. Rf7 a5 27. c4 Bd4 28. cxb5 Rxd3 29. Rc2 Rxb3 30. Rfxc7+ Kb6 31. R7c6+ Kxb5 32. Rxd6 Rb1 33. Bc1 a4 34. Rd7 Ra1 35. Rxh7 Rg6 36. Rb7+ Ka6 37. Rb4 Ka5 38. Rb8 a3 39. h4 a2 40. h5 Rg7 41. h6 Rh7 42. g4 Rxh6+ 43. Bxh6 Rh1+ 44. Kxh1 a1Q+ 45. Rc1 1-0

[Event "SVK-chT1E 1920"]
[Site "Slovakia"]
[Date "2019.10.13"]
[Round "2.3"]
[White "Kmit, Jozef"]
[Black "Juhar, Roman"]
[Result "1-0"]
[WhiteElo "2064"]
[BlackElo "2158"]
[PlyCount "89"]
[EventDate "2019.10.12"]
[EventType "team-tourn"]
[EventRounds "11"]
[EventCountry "SVK"]
[SourceTitle "CBM 193 Extra"]
[Source "ChessBase"]
[SourceDate "2020.01.31"]
[SourceVersion "1"]
[SourceVersionDate "2020.01.31"]
[SourceQuality "1"]
[WhiteTeam "Bardejov"]
[BlackTeam "Kosice 1 CC"]
[WhiteTeamCountry "SVK"]
[BlackTeamCountry "SVK"]

1. d4 d5 2. e4 dxe4 3. Nc3 Nf6 4. Bg5 Bg4 5. Qd2 Nbd7 6. h3 Bh5 7. Nge2 h6 8. Bxf6 Nxf6 9. Nf4 e5 10. dxe5 Qxd2+ 11. Kxd2 0-0-0+ 12. Ke1 g5 13. Nxh5 Nxh5 14. Be2 Nf4 15. Bg4+ Kb8 16. g3 Ng6 17. e6 Bb4 18. exf7 Ne5 19. Ke2 Bxc3 20. bxc3 Nxf7 21. Rad1 Nd6 22. Rd4 h5 23. Be6 Rde8 24. Bb3 e3 25. Rhd1 Ne4 26. Rxe4 Rxe4 27. fxe3 c6 28. Bf7 h4 29. g4 Kc7 30. Rd4 Re5 31. Bg6 Rd8 32. Bf5 c5 33. Rd3 Rd6 34. a3 c4 35. Rd4 Rxd4 36. cxd4 Ra5 37. e4 Rxa3 38. e5 Rxh3 39. d5 Ra3 40. d6+ Kb6 41. e6 Ra5 42. e7 Re5+ 43. Kd2 Kc6 44. d7 Rxf5 45. d8Q 1-0

[Event "Kosice Kotan Memorial"]
[Site "Kosice"]
[Date "2018.07.28"]
[Round "9"]
[White "Juhar, Roman"]
[Black "Dovzik, Juri"]
[Result "1/2-1/2"]
[WhiteElo "2217"]
[BlackElo "2288"]
[PlyCount "74"]
[EventDate "2018.07.21"]
[EventType "swiss"]
[EventRounds "9"]
[EventCountry "SVK"]
[SourceTitle "EXT 2019"]
[Source "ChessBase"]
[SourceDate "2018.10.10"]
[SourceVersion "1"]
[SourceVersionDate "2018.10.10"]
[SourceQuality "1"]

1. e4 c5 2. d3 Nc6 3. f4 g6 4. Nf3 Bg7 5. Be2 e6 6. 0-0 Nge7 7. c3 d5 8. Be3 b6 9. e5 d4 10. Bf2 0-0 11. cxd4 cxd4 12. Qa4 Qd7 13. Qc4 Rd8 14. Nbd2 Bb7 15. Ne4 Rac8 16. Qb3 Na5 17. Qa3 Nd5 18. g3 Bf8 19. Nd6 Ne3 20. Bxe3 dxe3 21. Rac1 Bxd6 22. Qxd6 Qxd6 23. exd6 Rxd6 24. Rxc8+ Bxc8 25. Rc1 Rc6 26. Rc3 Ba6 27. Ne5 Rc5 28. Kf1 Rxc3 29. bxc3 Bb7 30. Bd1 Nc6 31. Nxc6 Bxc6 32. Ke2 Kf8 33. Kxe3 Ke7 34. c4 f6 35. d4 Kd6 36. Bc2 Be8 37. h4 h6 1/2-1/2

[Event "SVK-chT2D 1718"]
[Site "Slovakia"]
[Date "2018.02.24"]
[Round "8.1"]
[White "Zambor, Norbert"]
[Black "Juhar, Roman"]
[Result "1/2-1/2"]
[WhiteElo "2252"]
[BlackElo "2147"]
[PlyCount "55"]
[EventDate "2017.10.28"]
[EventType "team-tourn"]
[EventRounds "11"]
[EventCountry "SVK"]
[SourceTitle "EXT 2019"]
[Source "ChessBase"]
[SourceDate "2018.10.10"]
[SourceVersion "1"]
[SourceVersionDate "2018.10.10"]
[SourceQuality "1"]
[WhiteTeam "Kosice 1 CC"]
[BlackTeam "Velke Kapusany"]
[WhiteTeamCountry "SVK"]
[BlackTeamCountry "SVK"]

1. e4 d5 2. exd5 Nf6 3. d4 Nxd5 4. Nf3 c6 5. c4 Nf6 6. Nc3 Bg4 7. Be2 e6 8. 0-0 Be7 9. h3 Bh5 10. Be3 0-0 11. g4 Bg6 12. Ne5 Nbd7 13. Nxg6 hxg6 14. f4 Qc7 15. g5 Ne8 16. Kg2 Nd6 17. Bd3 b5 18. c5 Nf5 19. Bxf5 gxf5 20. b4 a5 21. a3 Rfd8 22. h4 Qa7 23. Qf3 Rdc8 24. Ra2 Qb7 25. Rfa1 axb4 26. axb4 Rxa2+ 27. Rxa2 Ra8 28. Qe2 1/2-1/2

[Event "SVK-chT2D 1718"]
[Site "Slovakia"]
[Date "2017.11.25"]
[Round "3.1"]
[White "Juhar, Roman"]
[Black "Tropp, Lukas"]
[Result "0-1"]
[WhiteElo "2147"]
[BlackElo "2096"]
[PlyCount "118"]
[EventDate "2017.10.28"]
[EventType "team-tourn"]
[EventRounds "11"]
[EventCountry "SVK"]
[SourceTitle "EXT 2019"]
[Source "ChessBase"]
[SourceDate "2018.10.10"]
[SourceVersion "1"]
[SourceVersionDate "2018.10.10"]
[SourceQuality "1"]
[WhiteTeam "Velke Kapusany"]
[BlackTeam "Kosice Slavia TU IV"]
[WhiteTeamCountry "SVK"]
[BlackTeamCountry "SVK"]

1. f4 g6 2. Nf3 Bg7 3. c4 c5 4. Nc3 Nc6 5. e3 Nf6 6. Be2 0-0 7. 0-0 d5 8. Ne5 e6 9. Nxc6 bxc6 10. d3 Rb8 11. Bf3 Ba6 12. Na4 Nd7 13. Qc2 dxc4 14. dxc4 Rb4 15. Rd1 Rxc4 16. Nc3 Rb4 17. Bxc6 Bc8 18. a3 Rb6 19. Qa4 Ra6 20. Qe4 Qc7 21. Bb5 Rb6 22. Qc4 a6 23. Ba4 Rd6 24. Rxd6 Qxd6 25. Ne4 Qd5 26. Qxd5 exd5 27. Bxd7 dxe4 28. Bc6 Rd8 29. Bxe4 Be6 30. Bc2 f5 31. Kf2 Bc4 32. a4 Rb8 33. h3 Kf7 34. g4 Ke6 35. gxf5+ gxf5 36. Rb1 Bf6 37. b3 Bh4+ 38. Kf3 Bd5+ 39. e4 fxe4+ 40. Bxe4 Rxb3+ 41. Kg4 Rxb1 42. Bxb1 Be1 43. Bxh7 Kf7 44. Bc2 Ba2 45. Bb2 c4 46. Be5 Bb3 47. Bxb3 cxb3 48. h4 Bb4 49. Bb2 Bf8 50. Kf3 Bg7 51. Ba3 b2 52. Bxb2 Bxb2 53. Ke4 a5 54. Kd5 Bc1 55. Ke5 Kg6 56. f5+ Kf7 57. h5 Bd2 58. Ke4 Kf6 59. Kd3 Bh6 0-1

[Event "Oravska Priehrada op"]
[Site "Namestovo"]
[Date "2017.08.26"]
[Round "2"]
[White "Panko, Radoslav"]
[Black "Juhar, Roman"]
[Result "0-1"]
[WhiteElo "1948"]
[BlackElo "2170"]
[PlyCount "42"]
[EventDate "2017.08.25"]
[EventType "swiss"]
[EventRounds "7"]
[EventCountry "SVK"]
[SourceTitle "CBM 180 Extra"]
[Source "ChessBase"]
[SourceDate "2017.10.06"]
[SourceVersion "1"]
[SourceVersionDate "2017.10.06"]
[SourceQuality "1"]

1. e4 b6 2. d4 Bb7 3. Bd3 d6 4. Nc3 Nd7 5. Nge2 c5 6. 0-0 Rc8 7. dxc5 bxc5 8. Bc4 Ngf6 9. Qd3 g6 10. f3 Bg7 11. a4 0-0 12. a5 Ne5 13. a6 Nxd3 14. axb7 Nxc1 15. bxc8Q Nxe2+ 16. Nxe2 Qxc8 17. Rxa7 e6 18. Rd1 d5 19. exd5 exd5 20. Bxd5 Nxd5 21. Rxd5 Qe6 0-1

[Event "Kosice Kotan Memorial"]
[Site "Kosice"]
[Date "2017.06.26"]
[Round "4"]
[White "Manik, Mikulas"]
[Black "Juhar, Roman"]
[Result "1/2-1/2"]
[WhiteElo "2402"]
[BlackElo "2203"]
[PlyCount "126"]
[EventDate "2017.06.24"]
[EventType "swiss"]
[EventRounds "9"]
[EventCountry "SVK"]
[SourceTitle "CBM 179 Extra"]
[Source "ChessBase"]
[SourceDate "2017.08.23"]
[SourceVersion "1"]
[SourceVersionDate "2017.08.23"]
[SourceQuality "1"]

1. e4 e5 2. Nf3 Nc6 3. Bb5 Bc5 4. c3 Nf6 5. 0-0 0-0 6. d4 Bb6 7. Bxc6 dxc6 8. Bg5 h6 9. Bxf6 Qxf6 10. Nxe5 c5 11. dxc5 Bxc5 12. Nf3 Bg4 13. Nbd2 Rad8 14. Qc2 Rfe8 15. h3 Bh5 16. Rae1 Qf4 17. e5 Bg6 18. Ne4 Bd6 19. exd6 Bxe4 20. Qa4 cxd6 21. Re3 Re6 22. Nd2 d5 23. Qxa7 d4 24. Rxe4 Rxe4 25. Nxe4 Qxe4 26. Rd1 d3 27. Qe3 Qd5 28. b3 b5 29. Rd2 Qd6 30. Qe4 g6 31. g3 Qd7 32. Kg2 Kh7 33. a4 bxa4 34. bxa4 Qd6 35. Qc4 Rd7 36. a5 h5 37. a6 Kg7 38. a7 Rxa7 39. Rxd3 Rc7 40. Qe4 Qc5 41. Qd4+ Qxd4 42. cxd4 Kf6 43. Kf3 Ke6 44. Ke4 Rc1 45. d5+ Kd6 46. Rf3 Re1+ 47. Re3 Rd1 48. Ra3 Re1+ 49. Kf4 Kxd5 50. Kg5 Re5+ 51. Kh6 Rf5 52. f3 Ke6 53. g4 hxg4 54. fxg4 Rf4 55. Ra6+ Ke7 56. Kg7 g5 57. Ra5 f6 58. Ra3 f5 59. Rg3 fxg4 60. hxg4 Re4 61. Rg1 Re6 62. Kh7 Kf7 63. Rf1+ Rf6 1/2-1/2

[Event "SVK-chT1E 1617"]
[Site "Slovakia"]
[Date "2017.02.26"]
[Round "9.2"]
[White "Jablonicky, Martin"]
[Black "Juhar, Roman"]
[Result "0-1"]
[WhiteElo "2271"]
[BlackElo "2145"]
[PlyCount "144"]
[EventDate "2016.10.15"]
[EventType "team-tourn"]
[EventRounds "11"]
[EventCountry "SVK"]
[SourceTitle "EXT 2018"]
[Source "ChessBase"]
[SourceDate "2017.10.13"]
[SourceVersion "1"]
[SourceVersionDate "2017.10.13"]
[SourceQuality "1"]
[WhiteTeam "Zilina Mladost"]
[BlackTeam "Margecany Eltra"]
[WhiteTeamCountry "SVK"]
[BlackTeamCountry "SVK"]

1. a3 d5 2. Nf3 c5 3. e3 Nc6 4. c4 e6 5. d4 Nf6 6. dxc5 dxc4 7. Qxd8+ Nxd8 8. Bxc4 Bxc5 9. b4 Bd6 10. Bb2 Bd7 11. Nbd2 a5 12. b5 a4 13. Ke2 Ke7 14. e4 Bc5 15. Rhc1 b6 16. Ne5 Nb7 17. Nxd7 Nxd7 18. e5 Na5 19. Ba2 Rhd8 20. Ne4 Rac8 21. Rd1 f5 22. exf6+ gxf6 23. Rd3 f5 24. Ng5 Nf8 25. Rad1 Rxd3 26. Rxd3 Bxf2 27. Bc3 Bh4 28. Nf3 Bf6 29. Nd4 Rxc3 30. Rxc3 Bxd4 31. Rh3 Bc5 32. Bb1 Nb3 33. Bc2 Nd4+ 34. Kd3 Nxb5 35. Bxa4 Nxa3 36. Bd1 Nb5 37. g4 f4 38. Ke4 Be3 39. Kd3 Nd6 40. Rh5 Kf6 41. Rh6+ Kg7 42. Rh5 Nd7 43. Ke2 h6 44. Bc2 e5 45. g5 Nf7 46. h4 Bd4 47. gxh6+ Nxh6 48. Rg5+ Kf7 49. h5 Nf6 50. Kf3 b5 51. Rg6 Nhg4 52. Rxg4 Nxg4 53. Kxg4 Kg7 54. Kg5 f3 55. h6+ Kh8 56. Kg4 f2 57. Bd3 b4 58. Kf3 b3 59. Ke2 b2 60. Be4 Be3 61. h7 Kg7 62. Kf1 Bc5 63. Ke2 Be7 64. Kxf2 Bf6 65. Ke2 Kh6 66. Kd1 Kg5 67. Kc2 Kf4 68. Bd5 e4 69. Ba2 Ke3 70. Bd5 Bh8 71. Bc6 Kf4 72. Bb5 Kg3 0-1

[Event "SVK-chT2D 1617"]
[Site "Slovakia"]
[Date "2017.01.21"]
[Round "7.1"]
[White "Demeter, Peter"]
[Black "Juhar, Roman"]
[Result "1/2-1/2"]
[WhiteElo "2219"]
[BlackElo "2145"]
[PlyCount "96"]
[EventDate "2016.10.08"]
[EventType "team-tourn"]
[EventRounds "11"]
[EventCountry "SVK"]
[SourceTitle "EXT 2018"]
[Source "ChessBase"]
[SourceDate "2017.10.13"]
[SourceVersion "1"]
[SourceVersionDate "2017.10.13"]
[SourceQuality "1"]
[WhiteTeam "Presov Tatran"]
[BlackTeam "Velke Kapusany"]
[WhiteTeamCountry "SVK"]
[BlackTeamCountry "SVK"]

1. c4 e5 2. d3 f5 3. Nf3 d6 4. Nc3 Nf6 5. g3 Be7 6. Bg2 0-0 7. 0-0 c6 8. c5 Kh8 9. cxd6 Bxd6 10. e4 fxe4 11. dxe4 Bg4 12. h3 Bh5 13. g4 Bg6 14. Nh4 Bf7 15. Be3 Na6 16. Nf5 Bc5 17. Qe2 g6 18. Rad1 Qc7 19. Ng3 Bxe3 20. Qxe3 Qb6 21. Qg5 Bg8 22. Qxe5 Nb4 23. Na4 Qb5 24. Qxb5 cxb5 25. Nc3 a6 26. e5 Ne8 27. Bxb7 Ra7 28. Be4 Rc7 29. a3 Nc6 30. Bxc6 Rxc6 31. Rd8 Re6 32. Re1 Rf4 33. Re3 Rc4 34. Nge2 Ng7 35. Rf3 Re8 36. Rxe8 Nxe8 37. Rf4 Rc5 38. Re4 g5 39. f4 gxf4 40. Nxf4 Kg7 41. Kf2 h6 42. Ke3 Kf7 43. e6+ Ke7 44. Nd3 Rg5 45. h4 Rg7 46. Nb4 Bxe6 47. Nxa6 Nf6 48. Rf4 Bxg4 1/2-1/2

[Event "SVK-chT1E 1617"]
[Site "Slovakia"]
[Date "2016.12.10"]
[Round "5.2"]
[White "Peterson, Eric"]
[Black "Juhar, Roman"]
[Result "1-0"]
[WhiteElo "2168"]
[BlackElo "2145"]
[PlyCount "83"]
[EventDate "2016.10.15"]
[EventType "team-tourn"]
[EventRounds "11"]
[EventCountry "SVK"]
[SourceTitle "EXT 2018"]
[Source "ChessBase"]
[SourceDate "2017.10.13"]
[SourceVersion "1"]
[SourceVersionDate "2017.10.13"]
[SourceQuality "1"]
[WhiteTeam "Kezmarok"]
[BlackTeam "Margecany Eltra"]
[WhiteTeamCountry "SVK"]
[BlackTeamCountry "SVK"]

1. e4 b6 2. d4 Bb7 3. Bd3 g6 4. f4 Bg7 5. Nf3 e6 6. 0-0 Ne7 7. Be3 f5 8. e5 Nd5 9. Bd2 a5 10. a3 h6 11. c4 Ne7 12. Nc3 d5 13. b3 0-0 14. Be3 c6 15. Rc1 Ba6 16. Qe2 Ra7 17. Rfd1 Rd7 18. Kh1 Rf7 19. Qf2 Bf8 20. a4 Qe8 21. cxd5 Nxd5 22. Nxd5 Rxd5 23. Bc4 Bxc4 24. bxc4 Rdd7 25. d5 cxd5 26. cxd5 Rxd5 27. Rxd5 exd5 28. Qa2 Nd7 29. Qxd5 Nc5 30. Bxc5 Bxc5 31. Re1 Qxa4 32. e6 Re7 33. Ne5 Qb4 34. Rd1 Qe4 35. Qd8+ Kg7 36. h3 a4 37. Nd7 Rxe6 38. Nxc5 Qe1+ 39. Rxe1 Rxe1+ 40. Kh2 bxc5 41. Qc7+ Kf6 42. Qd6+ 1-0

[Event "SVK-chT2D 1617"]
[Site "Slovakia"]
[Date "2016.12.03"]
[Round "5.1"]
[White "Juhar, Roman"]
[Black "Krak, Tomas"]
[Result "1/2-1/2"]
[WhiteElo "2145"]
[BlackElo "2311"]
[PlyCount "28"]
[EventDate "2016.10.08"]
[EventType "team-tourn"]
[EventRounds "11"]
[EventCountry "SVK"]
[SourceTitle "EXT 2018"]
[Source "ChessBase"]
[SourceDate "2017.10.13"]
[SourceVersion "1"]
[SourceVersionDate "2017.10.13"]
[SourceQuality "1"]
[WhiteTeam "Velke Kapusany"]
[BlackTeam "Humenne Reinter II"]
[WhiteTeamCountry "SVK"]
[BlackTeamCountry "SVK"]

1. b3 e5 2. Bb2 Nc6 3. c4 Nf6 4. e3 d5 5. Nf3 d4 6. exd4 e4 7. Ng1 Nxd4 8. Ne2 Nc6 9. Ng3 Bc5 10. Nc3 0-0 11. Be2 Re8 12. 0-0 Nd4 13. d3 e3 14. f3 Bd7 1/2-1/2